Skúmanie povrchu vnútorných otvorov po vnútornom sústružení
Saved in:
| Main Author: | |
|---|---|
| Other Authors: | |
| Format: | Manuscript Book |
| Language: | Slovak |
| Published: |
2025
|
| Subjects: | |
| Online Access: | http://is.stuba.sk/zp/portal_zp.pl?podrobnosti=183961 |
| Tags: |
No Tags, Be the first to tag this record!
|
MARC
| LEADER | 00000ntm a22000003a 4500 | ||
|---|---|---|---|
| 001 | stuzp101928 | ||
| 003 | SK-STU | ||
| 005 | 20250614210851.6 | ||
| 007 | ta | ||
| 008 | 150427s2015----xo-----f-mn---000-0-slo-d | ||
| 040 | |a STU |b slo | ||
| 041 | 0 | |a slo | |
| 100 | 1 | |a Baláž, Oliver |u 063000 |4 aut |U MTF Materiálovotechnologická fakulta |T MTF Ústav výrobných technológií |X 109870 |U M3000 |Y 83 |7 109870 | |
| 242 | 0 | 1 | |a Observation of the chatter marks during the internal turning |y eng |
| 245 | 1 | 0 | |a Skúmanie povrchu vnútorných otvorov po vnútornom sústružení |
| 260 | |c 2025 | ||
| 650 | 4 | |a chatter |2 eng | |
| 650 | 4 | |a tool overhang |2 eng | |
| 650 | 4 | |a internal turning |2 eng | |
| 650 | 4 | |a vnútorné sústruženie |2 slo | |
| 650 | 4 | |a chvenie |2 slo | |
| 650 | 4 | |a vyloženie nástroja |2 slo | |
| 700 | 1 | |a Vopát, Tomáš |u 063200 |k Z2 |4 ths |U MTF Ústav výrobných technológií |T MTF Katedra obrábania a počítačovej podpory technológií |X 48548 |U M3200 |Y 164 |7 A000048548 | |
| 856 | 4 | |u http://is.stuba.sk/zp/portal_zp.pl?podrobnosti=183961 | |
| 996 | |c M* DP-15481 |l MMSKP |s P |a 0 |w stuzp101928_0001 | ||